<?xml version="1.0" encoding="UTF-8"?>
<record
    xmlns:xsi="http://www.w3.org/2001/XMLSchema-instance"
    xsi:schemaLocation="http://www.loc.gov/MARC21/slim http://www.loc.gov/standards/marcxml/schema/MARC21slim.xsd"
    xmlns="http://www.loc.gov/MARC21/slim">

  <leader>02696nam a22002897a 4500</leader>
  <controlfield tag="003">OSt</controlfield>
  <controlfield tag="005">20260515120004.0</controlfield>
  <controlfield tag="008">260121b        |||||||| |||| 00| 0 eng d</controlfield>
  <datafield tag="022" ind1=" " ind2=" ">
    <subfield code="a">1460-8545</subfield>
  </datafield>
  <datafield tag="022" ind1=" " ind2=" ">
    <subfield code="a">1468-2370</subfield>
  </datafield>
  <datafield tag="040" ind1=" " ind2=" ">
    <subfield code="a">TBS</subfield>
    <subfield code="b">EN</subfield>
    <subfield code="c">TBS</subfield>
  </datafield>
  <datafield tag="041" ind1=" " ind2=" ">
    <subfield code="a">eng</subfield>
  </datafield>
  <datafield tag="100" ind1=" " ind2=" ">
    <subfield code="a">Purkayastha, Saptarshi</subfield>
    <subfield code="9">27007</subfield>
    <subfield code="e">author</subfield>
  </datafield>
  <datafield tag="245" ind1=" " ind2=" ">
    <subfield code="a">Diversification and performance in developed and emerging market contexts</subfield>
    <subfield code="b">: a review of the literature</subfield>
    <subfield code="c">/ Saptarshi Purkayastha., Tatiana S. Manolova, &amp; Linda F. Edelman.</subfield>
  </datafield>
  <datafield tag="260" ind1=" " ind2=" ">
    <subfield code="b">International Journal of Management Reviews,</subfield>
    <subfield code="c">2012.</subfield>
  </datafield>
  <datafield tag="300" ind1=" " ind2=" ">
    <subfield code="a">18-38 pages.</subfield>
  </datafield>
  <datafield tag="362" ind1=" " ind2=" ">
    <subfield code="a">International journal of management reviews : IJMR, 2012-03, Vol.14 (1), p.18-38</subfield>
  </datafield>
  <datafield tag="520" ind1=" " ind2=" ">
    <subfield code="a">The link between diversification and performance has become an important topic for research in diverse fields such as strategic management, industrial organization and financial management. However, a synthesis of the research done in developed and emerging markets is missing. This paper attempts such a synthesis by comparing and contrasting the past cumulative empirical research evidence on the relationship between diversification and firm performance in the context of developed economies to the more recent work in the emerging economies. The empirical literature has been divided into three broad perspectives, and the paper highlights the considerable diversity in its findings in developed and emerging markets across each of these perspectives. Based on this study, it is proposed that related diversification is preferable in developed economies and should be based on specific resources, whereas unrelated diversification is appropriate in emerging economies and should be based on generic resources. Although agency problems exist in both contexts, it is argued that the type of problem differs in developed and emerging markets. The paper concludes by identifying three directions for future research. First, the relationship between diversification and performance should be examined across each industry separately and not in aggregate. Secondly, future research needs to examine the organizational mechanisms required to make diversification successful. Finally, the relationship needs to be examined under unstable and dynamic situations such as the current global economic downturn.</subfield>
  </datafield>
  <datafield tag="630" ind1=" " ind2="0">
    <subfield code="a">MSc International Business</subfield>
    <subfield code="9">26977</subfield>
  </datafield>
  <datafield tag="650" ind1=" " ind2="0">
    <subfield code="a">Emerging markets</subfield>
    <subfield code="9">26991</subfield>
  </datafield>
  <datafield tag="650" ind1=" " ind2="0">
    <subfield code="a">Diversification</subfield>
    <subfield code="9">27010</subfield>
  </datafield>
  <datafield tag="650" ind1=" " ind2="0">
    <subfield code="a">Strategic management</subfield>
    <subfield code="9">12443</subfield>
  </datafield>
  <datafield tag="700" ind1=" " ind2=" ">
    <subfield code="a">Manolova, Tatiana S.</subfield>
    <subfield code="9">27008</subfield>
    <subfield code="e">author</subfield>
  </datafield>
  <datafield tag="700" ind1=" " ind2=" ">
    <subfield code="a">Edelman, Linda F.</subfield>
    <subfield code="9">27009</subfield>
    <subfield code="e">author</subfield>
  </datafield>
  <datafield tag="856" ind1=" " ind2=" ">
    <subfield code="u">https://research-ebsco-com.hub.tbs-education.fr/c/q5dvh4/viewer/pdf/xh63iew5tr</subfield>
  </datafield>
  <datafield tag="942" ind1=" " ind2=" ">
    <subfield code="2">lcc</subfield>
  </datafield>
  <datafield tag="952" ind1=" " ind2=" ">
    <subfield code="0">0</subfield>
    <subfield code="1">0</subfield>
    <subfield code="2">lcc</subfield>
    <subfield code="4">0</subfield>
    <subfield code="7">0</subfield>
    <subfield code="8">CT</subfield>
    <subfield code="a">TBS</subfield>
    <subfield code="b">TBS</subfield>
    <subfield code="d">2026-05-13</subfield>
    <subfield code="l">0</subfield>
    <subfield code="p">5219</subfield>
    <subfield code="r">2026-05-13</subfield>
    <subfield code="u">https://research-ebsco-com.hub.tbs-education.fr/c/q5dvh4/viewer/pdf/xh63iew5tr</subfield>
    <subfield code="w">2026-05-13</subfield>
    <subfield code="y">ARTICLE</subfield>
  </datafield>
  <datafield tag="999" ind1=" " ind2=" ">
    <subfield code="c">5219</subfield>
    <subfield code="d">5219</subfield>
  </datafield>
</record>
